[Event "Hastings Masters"]
[Site "Horntye, Hastings"]
[Date "2017.12.29"]
[Round "2.1"]
[White "Lalic, Bogdan"]
[Black "Fier, Alexandr"]
[Result "0-1"]
[BlackElo "2576"]
[WhiteElo "2415"]
[LiveChessVersion "1.4.8"]

1. d4 {[%clk 1:35:11]} d5 {[%clk 1:40:55]} 2. c4 {[%clk 1:35:24]} e6
{[%clk 1:41:20]} 3. Nf3 {[%clk 1:35:43]} Nf6 {[%clk 1:41:45]} 4. Nc3
{[%clk 1:36:04]} dxc4 {[%clk 1:42:11]} 5. e4 {[%clk 1:36:05]} Bb4
{[%clk 1:42:37]} 6. Bg5 {[%clk 1:35:58]} h6 {[%clk 1:43:01]} 7. Bxf6
{[%clk 1:36:01]} Qxf6 {[%clk 1:43:25]} 8. Bxc4 {[%clk 1:36:14]} c5
{[%clk 1:43:50]} 9. O-O {[%clk 1:33:53]} cxd4 {[%clk 1:44:03]} 10. e5
{[%clk 1:33:49]} Qd8 {[%clk 1:44:28]} 11. Bb5+ {[%clk 1:31:49]} Bd7
{[%clk 1:41:56]} 12. Qxd4 {[%clk 1:31:54]} Bxb5 {[%clk 1:37:29]} 13. Qxd8+
{[%clk 1:29:37]} Kxd8 {[%clk 1:37:54]} 14. Nxb5 {[%clk 1:30:02]} a6
{[%clk 1:36:36]} 15. Rfd1+ {[%clk 1:25:13]} Nd7 {[%clk 1:34:35]} 16. Rd3
{[%clk 1:21:50]} Ke7 {[%clk 1:34:29]} 17. Nd6 {[%clk 1:21:40]} Bxd6
{[%clk 1:33:01]} 18. exd6+ {[%clk 1:22:02]} Kf6 {[%clk 1:33:28]} 19. h4
{[%clk 1:18:00]} Rac8 {[%clk 1:32:55]} 20. Re1 {[%clk 1:16:03]} g5
{[%clk 1:28:32]} 21. hxg5+ {[%clk 1:16:12]} hxg5 {[%clk 1:28:57]} 22. g3
{[%clk 1:09:21]} Rc2 {[%clk 1:25:54]} 23. Rb3 {[%clk 1:00:39]} b5
{[%clk 1:17:51]} 24. Nd4 {[%clk 0:52:29]} Rd2 {[%clk 1:17:06]} 25. Nxe6
{[%clk 0:52:35]} fxe6 {[%clk 1:17:12]} 26. Rf3+ {[%clk 0:52:58]} Kg7
{[%clk 1:17:37]} 27. Rxe6 {[%clk 0:53:24]} Rf8 {[%clk 1:17:23]} 28. Re7+
{[%clk 0:52:03]} Kg8 {[%clk 1:17:49]} 29. Rxf8+ {[%clk 0:50:30]} Nxf8
{[%clk 1:18:15]} 30. Re5 {[%clk 0:50:55]} Nh7 {[%clk 1:17:21]} 31. Re6
{[%clk 0:51:11]} Kf7 {[%clk 1:17:44]} 32. Re7+ {[%clk 0:51:26]} Kg6
{[%clk 1:18:09]} 33. d7 {[%clk 0:51:36]} Nf8 {[%clk 1:18:12]} 34. Re8
{[%clk 0:51:53]} Nxd7 {[%clk 1:18:37]} 35. Re6+ {[%clk 0:52:20]} Kf5
{[%clk 1:18:52]} 36. Rxa6 {[%clk 0:52:45]} Rxb2 {[%clk 1:19:16]} 37. Kg2
{[%clk 0:52:14]} Nc5 {[%clk 1:18:10]} 38. Rb6 {[%clk 0:52:18]} Nd3
{[%clk 1:17:01]} 39. Kf3 {[%clk 0:52:20]} Nxf2 {[%clk 1:17:07]} 40. a4
{[%clk 0:52:46]} g4+ {[%clk 1:17:31]} 41. Ke3 {[%clk 0:53:09]} Nd1+
{[%clk 1:17:59]} 0-1

[Event "Hastings Masters"]
[Site "Horntye, Hastings"]
[Date "2017.12.29"]
[Round "2.2"]
[White "Stany, G.A."]
[Black "Bates, Richard A"]
[Result "1/2-1/2"]
[BlackElo "2378"]
[WhiteElo "2502"]
[LiveChessVersion "1.4.8"]

1. e4 {[%clk 1:40:56]} c5 {[%clk 1:40:31]} 2. Nf3 {[%clk 1:41:19]} d6
{[%clk 1:40:17]} 3. d4 {[%clk 1:41:41]} cxd4 {[%clk 1:40:20]} 4. Nxd4
{[%clk 1:42:04]} Nf6 {[%clk 1:40:44]} 5. Nc3 {[%clk 1:42:30]} a6 {[%clk 1:40:47]}
6. Be3 {[%clk 1:42:53]} e5 {[%clk 1:40:23]} 7. Nb3 {[%clk 1:43:15]} Be7
{[%clk 1:38:54]} 8. f3 {[%clk 1:43:39]} Be6 {[%clk 1:39:15]} 9. Qd2
{[%clk 1:44:05]} O-O {[%clk 1:39:02]} 10. O-O-O {[%clk 1:44:21]} Qc7
{[%clk 1:39:16]} 11. g4 {[%clk 1:41:59]} Rc8 {[%clk 1:39:03]} 12. Kb1
{[%clk 1:40:51]} Nbd7 {[%clk 1:32:54]} 13. h4 {[%clk 1:26:36]} Nb6
{[%clk 1:20:03]} 14. h5 {[%clk 1:22:59]} Nc4 {[%clk 0:50:49]} 15. Bxc4 Qxc4
{[%clk 0:51:11]} 16. g5 {[%clk 1:22:50]} Nd7 {[%clk 0:49:14]} 17. g6
{[%clk 1:11:36]} fxg6 {[%clk 0:38:16]} 18. hxg6 {[%clk 1:11:36]} hxg6
{[%clk 0:38:16]} 19. Na5 {[%clk 1:11:36]} Qb4 {[%clk 0:36:49]} 20. Nd5
{[%clk 1:00:40]} Qxd2 {[%clk 0:37:13]} 21. Nxe7+ {[%clk 1:01:00]} Kf7
{[%clk 0:37:37]} 22. Rxd2 {[%clk 1:00:50]} Kxe7 {[%clk 0:38:03]} 23. Nxb7
{[%clk 1:01:14]} Rab8 {[%clk 0:20:30]} 24. Nxd6 {[%clk 0:53:55]} Rc6
{[%clk 0:20:07]} 25. Bg5+ {[%clk 0:40:52]} Nf6 {[%clk 0:18:58]} 26. Rh7
{[%clk 0:39:28]} Rg8 {[%clk 0:14:12]} 27. f4 {[%clk 0:37:18]} Rxd6
{[%clk 0:10:46]} 28. fxe5 {[%clk 0:09:59]} Rxd2 {[%clk 0:11:13]} 29. exf6+
{[%clk 0:10:24]} Kd6 {[%clk 0:11:06]} 30. Bxd2 {[%clk 0:10:45]} gxf6
{[%clk 0:11:23]} 31. Bf4+ {[%clk 0:09:37]} Kc5 {[%clk 0:10:03]} 32. c3
{[%clk 0:04:23]} g5 {[%clk 0:09:28]} 33. Be3+ {[%clk 0:04:38]} Kd6
{[%clk 0:09:26]} 34. Ra7 {[%clk 0:03:09]} Bc8 {[%clk 0:06:01]} 35. Bd4
{[%clk 0:02:07]} g4 {[%clk 0:02:54]} 36. Rf7 {[%clk 0:01:48]} g3 {[%clk 0:02:24]}
37. Rxf6+ {[%clk 0:01:51]} Ke7 {[%clk 0:02:50]} 38. Rh6 {[%clk 0:00:46]} g2
{[%clk 0:03:06]} 39. Rh7+ {[%clk 0:00:57]} Ke6 {[%clk 0:02:49]} 40. Rh6+
{[%clk 0:00:56]} Kd7 {[%clk 0:02:10]} 41. Rh7+ {[%clk 0:00:34]} Ke6
{[%clk 0:39:26]} 1/2-1/2

[Event "Hastings Masters"]
[Site "Horntye, Hastings"]
[Date "2017.12.29"]
[Round "2.3"]
[White "Radovanovic, Jovica"]
[Black "Vakhidov, Jakhongir"]
[Result "0-1"]
[BlackElo "2500"]
[WhiteElo "2320"]
[LiveChessVersion "1.4.8"]

1. d4 {[%clk 1:40:59]} d6 {[%clk 1:33:15]} 2. Nf3 {[%clk 1:40:50]} g6
{[%clk 1:33:25]} 3. c4 {[%clk 1:40:51]} Nf6 {[%clk 1:33:38]} 4. Nc3
{[%clk 1:40:57]} Bf5 {[%clk 1:33:47]} 5. g3 {[%clk 1:37:47]} Ne4 {[%clk 1:33:58]}
6. Nxe4 {[%clk 1:37:19]} Bxe4 {[%clk 1:34:10]} 7. Bh3 {[%clk 1:37:35]} Bg7
{[%clk 1:32:39]} 8. O-O {[%clk 1:37:56]} O-O {[%clk 1:27:48]} 9. d5
{[%clk 1:35:58]} Bxf3 {[%clk 1:26:06]} 10. exf3 {[%clk 1:36:23]} c6
{[%clk 1:24:41]} 11. f4 {[%clk 1:31:33]} cxd5 {[%clk 1:24:26]} 12. cxd5
{[%clk 1:31:30]} Nd7 {[%clk 1:00:27]} 13. f5 {[%clk 1:31:18]} Nf6
{[%clk 0:44:20]} 14. fxg6 hxg6 {[%clk 0:44:41]} 15. Qd3 {[%clk 1:20:49]} Nd7
{[%clk 0:36:07]} 16. Qe2 {[%clk 1:18:04]} Rc8 {[%clk 0:27:05]} 17. Be3
{[%clk 1:16:03]} f5 {[%clk 0:21:50]} 18. Rac1 {[%clk 1:15:29]} Qa5
{[%clk 0:20:06]} 19. Rxc8 {[%clk 0:58:07]} Rxc8 {[%clk 0:20:29]} 20. Bg5
{[%clk 0:58:28]} Ne5 {[%clk 0:17:49]} 21. Bxe7 {[%clk 0:52:48]} Qc7
{[%clk 0:16:43]} 22. Bg5 {[%clk 0:35:54]} Qc2 {[%clk 0:16:49]} 23. Qxc2
{[%clk 0:33:20]} Rxc2 {[%clk 0:17:07]} 24. Be3 {[%clk 0:33:30]} Rxb2
{[%clk 0:13:55]} 25. Bxa7 {[%clk 0:33:53]} b6 {[%clk 0:07:25]} 26. Rd1
{[%clk 0:27:16]} Nd7 {[%clk 0:03:25]} 27. a4 {[%clk 0:24:44]} Ra2
{[%clk 0:03:51]} 28. Rc1 {[%clk 0:08:15]} Bd4 {[%clk 0:04:14]} 29. a5
{[%clk 0:04:41]} Bxf2+ {[%clk 0:02:41]} 30. Kf1 {[%clk 0:03:21]} Bc5
{[%clk 0:01:30]} 31. Bxb6 {[%clk 0:02:03]} Nxb6 {[%clk 0:00:55]} 32. axb6
{[%clk 0:02:28]} Bxb6 {[%clk 0:01:15]} 33. Rc6 {[%clk 0:02:09]} Bc5
{[%clk 0:01:43]} 34. Bg2 {[%clk 0:02:03]} Kg7 {[%clk 0:02:08]} 35. h4
{[%clk 0:00:40]} Ra3 {[%clk 0:02:15]} 36. Rc7+ {[%clk 0:00:32]} Kf6
{[%clk 0:02:37]} 37. Rh7 {[%clk 0:00:32]} Rxg3 {[%clk 0:01:49]} 38. h5
{[%clk 0:00:54]} g5 {[%clk 0:01:18]} 39. Rb7 {[%clk 0:00:35]} f4 {[%clk 0:01:02]}
40. h6 {[%clk 0:00:31]} f3 {[%clk 0:01:15]} 0-1

[Event "Hastings Masters"]
[Site "Horntye, Hastings"]
[Date "2017.12.29"]
[Round "2.4"]
[White "Derakhshani, Borna"]
[Black "Lou, Yiping"]
[Result "0-1"]
[BlackElo "2462"]
[WhiteElo "2298"]
[LiveChessVersion "1.4.8"]

1. d4 {[%clk 1:33:05]} Nf6 {[%clk 1:40:52]} 2. Bf4 {[%clk 1:33:27]} d5
{[%clk 1:41:00]} 3. Nc3 {[%clk 1:32:26]} c6 {[%clk 1:35:31]} 4. Qd3
{[%clk 1:29:12]} Bg4 {[%clk 1:28:01]} 5. f3 {[%clk 1:19:08]} Bh5 {[%clk 1:27:37]}
6. Qd2 {[%clk 1:17:47]} e6 {[%clk 1:26:39]} 7. h4 {[%clk 1:15:14]} Bg6
{[%clk 1:24:31]} 8. g4 {[%clk 1:14:49]} h6 {[%clk 1:24:02]} 9. h5
{[%clk 1:14:08]} Bh7 {[%clk 1:24:21]} 10. g5 {[%clk 0:59:45]} hxg5
{[%clk 1:21:18]} 11. Bxg5 {[%clk 0:59:45]} Bg6 {[%clk 1:16:15]} 12. O-O-O
{[%clk 0:57:50]} Rxh5 {[%clk 1:09:43]} 13. Rxh5 {[%clk 0:58:09]} Bxh5
{[%clk 1:10:06]} 14. Nh3 {[%clk 0:58:10]} Bd6 {[%clk 0:55:02]} 15. Nf4
{[%clk 0:49:06]} Qc7 {[%clk 0:41:57]} 16. Re1 {[%clk 0:41:52]} Nbd7
{[%clk 0:36:21]} 17. e4 {[%clk 0:40:42]} Bxf4 {[%clk 0:34:09]} 18. Bxf4
{[%clk 0:40:59]} Qa5 {[%clk 0:34:11]} 19. Qh2 {[%clk 0:34:47]} g6
{[%clk 0:28:30]} 20. Bd2 {[%clk 0:19:36]} Qb6 {[%clk 0:24:15]} 21. exd5
{[%clk 0:19:38]} cxd5 {[%clk 0:24:30]} 22. Nb5 {[%clk 0:18:00]} Kf8
{[%clk 0:24:35]} 23. Bh6+ {[%clk 0:14:38]} Kg8 {[%clk 0:24:53]} 24. Qf4
{[%clk 0:14:42]} a6 {[%clk 0:22:49]} 25. Nc3 {[%clk 0:13:42]} Rc8
{[%clk 0:22:26]} 26. Bd3 {[%clk 0:12:50]} Qc7 {[%clk 0:22:01]} 27. Qh4
{[%clk 0:12:11]} Qd6 {[%clk 0:16:30]} 28. Rg1 {[%clk 0:09:47]} e5
{[%clk 0:15:04]} 29. Bf5 {[%clk 0:08:33]} exd4 {[%clk 0:12:35]} 30. Qxd4
{[%clk 0:04:54]} Qc5 {[%clk 0:11:35]} 31. Qd1 {[%clk 0:01:22]} Bxf3
{[%clk 0:07:40]} 32. Qf1 {[%clk 0:01:06]} d4 {[%clk 0:07:26]} 33. Qxf3
{[%clk 0:00:40]} dxc3 {[%clk 0:07:37]} 34. Be3 {[%clk 0:00:42]} Qb4
{[%clk 0:05:57]} 35. Qh3 {[%clk 0:00:59]} cxb2+ {[%clk 0:03:45]} 36. Kb1
{[%clk 0:01:26]} Ne4 {[%clk 0:03:00]} 37. Bxe4 {[%clk 0:01:02]} Qxe4
{[%clk 0:03:25]} 38. Rg2 {[%clk 0:01:03]} Qe6 {[%clk 0:01:50]} 39. Qh4
{[%clk 0:00:48]} Qxe3 {[%clk 0:01:53]} 0-1

[Event "Hastings Masters"]
[Site "Horntye, Hastings"]
[Date "2017.12.29"]
[Round "2.5"]
[White "Das, Arghyadip"]
[Black "Mannion, Stephen R"]
[Result "1-0"]
[BlackElo "2285"]
[WhiteElo "2451"]
[LiveChessVersion "1.4.8"]

1. Nf3 {[%clk 1:39:55]} d5 {[%clk 1:40:35]} 2. g3 {[%clk 1:40:04]} Nf6
{[%clk 1:40:49]} 3. Bg2 {[%clk 1:40:26]} c6 {[%clk 1:40:09]} 4. O-O
{[%clk 1:40:36]} Bf5 {[%clk 1:40:18]} 5. d3 {[%clk 1:40:40]} h6 {[%clk 1:40:24]}
6. c4 {[%clk 1:38:49]} dxc4 {[%clk 1:40:36]} 7. Ne5 {[%clk 1:36:51]} Nbd7
{[%clk 1:40:51]} 8. Nxc4 {[%clk 1:37:16]} e5 {[%clk 1:40:58]} 9. Nbd2
{[%clk 1:36:00]} Be7 {[%clk 1:40:30]} 10. b4 {[%clk 1:35:00]} O-O
{[%clk 1:39:08]} 11. a3 {[%clk 1:34:27]} Qc7 {[%clk 1:23:33]} 12. Bb2
{[%clk 1:32:17]} Rfe8 {[%clk 1:18:14]} 13. Rc1 {[%clk 1:23:15]} a6
{[%clk 1:16:53]} 14. e4 {[%clk 1:17:00]} Bg4 15. f3 {[%clk 1:10:32]} Bh5
{[%clk 1:00:47]} 16. Kh1 {[%clk 1:06:02]} Rad8 {[%clk 0:46:48]} 17. Nb3
{[%clk 0:53:07]} Bf8 {[%clk 0:28:34]} 18. Qc2 {[%clk 0:48:44]} Nb6
{[%clk 0:20:37]} 19. Ne3 {[%clk 0:45:55]} Na4 {[%clk 0:17:10]} 20. Ba1
{[%clk 0:45:30]} b5 {[%clk 0:04:55]} 21. Rfd1 {[%clk 0:34:00]} Qa7
{[%clk 0:02:25]} 22. d4 {[%clk 0:32:36]} Nd7 {[%clk 0:01:16]} 23. Qxc6
{[%clk 0:22:23]} Ndb6 {[%clk 0:01:20]} 24. Qc2 {[%clk 0:20:41]} Rc8
{[%clk 0:01:32]} 25. Qd3 {[%clk 0:20:45]} exd4 {[%clk 0:01:17]} 26. Bxd4
{[%clk 0:18:02]} Rxc1 {[%clk 0:01:15]} 27. Rxc1 {[%clk 0:17:59]} Qd7
{[%clk 0:01:41]} 28. Nc5 {[%clk 0:13:14]} Nxc5 {[%clk 0:02:04]} 29. bxc5
{[%clk 0:13:41]} Rc8 {[%clk 0:02:20]} 30. Qd1 {[%clk 0:10:48]} Na4
{[%clk 0:01:39]} 31. Nd5 {[%clk 0:11:13]} Kh8 {[%clk 0:01:26]} 32. Nf6 1-0

[Event "Hastings Masters"]
[Site "Horntye, Hastings"]
[Date "2017.12.29"]
[Round "2.6"]
[White "Cherniaev, Alexander"]
[Black "Taylor, Adam C"]
[Result "1/2-1/2"]
[BlackElo "2242"]
[WhiteElo "2436"]
[LiveChessVersion "1.4.8"]

1. d4 {[%clk 1:40:41]} Nf6 {[%clk 1:40:51]} 2. Nf3 {[%clk 1:40:50]} e6
{[%clk 1:41:12]} 3. g3 {[%clk 1:41:13]} d5 {[%clk 1:41:37]} 4. Bg2
{[%clk 1:41:38]} Be7 {[%clk 1:42:04]} 5. c4 {[%clk 1:41:52]} O-O {[%clk 1:42:26]}
6. O-O {[%clk 1:42:16]} dxc4 {[%clk 1:42:53]} 7. Qa4 {[%clk 1:42:42]} a6
{[%clk 1:33:30]} 8. Qxc4 {[%clk 1:43:06]} b5 {[%clk 1:33:57]} 9. Qc2
{[%clk 1:43:28]} Bb7 {[%clk 1:34:25]} 10. Bd2 {[%clk 1:43:42]} Be4
{[%clk 1:34:38]} 11. Qc1 {[%clk 1:44:04]} Ra7 {[%clk 1:35:05]} 12. Be3
{[%clk 1:44:27]} Nd5 {[%clk 1:32:38]} 13. Nc3 {[%clk 1:44:45]} Nxc3
{[%clk 1:27:34]} 14. Qxc3 {[%clk 1:43:54]} Qd5 {[%clk 1:24:43]} 15. Ne1
{[%clk 1:06:13]} Nd7 16. Bxe4 Qxe4 {[%clk 1:09:04]} 17. Rc1 {[%clk 0:54:12]} Nb6
{[%clk 1:07:28]} 18. Qd3 {[%clk 0:40:09]} Qd5 {[%clk 0:58:48]} 19. b3
{[%clk 0:39:41]} Rd8 {[%clk 0:53:33]} 20. Nf3 {[%clk 0:39:41]} Nd7
{[%clk 0:40:20]} 21. Qc3 {[%clk 0:34:27]} Rc8 {[%clk 0:38:24]} 22. Qc6
{[%clk 0:29:23]} Qxc6 {[%clk 0:37:15]} 23. Rxc6 {[%clk 0:29:49]} Nb8
{[%clk 0:37:16]} 24. Rc2 {[%clk 0:30:15]} Rb7 {[%clk 0:37:02]} 25. Ne5
{[%clk 0:23:46]} Bd6 {[%clk 0:35:25]} 26. Nc6 {[%clk 0:13:20]} Nxc6
{[%clk 0:35:37]} 27. Rxc6 {[%clk 0:13:48]} Ra8 {[%clk 0:36:02]} 28. Bf4
{[%clk 0:14:06]} Bxf4 {[%clk 0:35:49]} 29. gxf4 {[%clk 0:14:34]} Kf8
{[%clk 0:35:15]} 30. Rfc1 {[%clk 0:14:52]} Raa7 {[%clk 0:35:29]} 31. a3
{[%clk 0:07:28]} Ke8 {[%clk 0:34:54]} 32. f3 {[%clk 0:06:56]} Kd7
{[%clk 0:35:17]} 33. Kf2 {[%clk 0:07:17]} Rb6 {[%clk 0:21:43]} 34. Rxb6
{[%clk 0:04:19]} cxb6 {[%clk 0:21:57]} 35. Ke3 {[%clk 0:04:34]} a5
{[%clk 0:19:18]} 36. Kd3 {[%clk 0:04:42]} Ra8 {[%clk 0:15:09]} 37. Ke4
{[%clk 0:03:09]} b4 {[%clk 0:10:18]} 38. axb4 {[%clk 0:02:52]} axb4
{[%clk 0:10:44]} 39. Rc4 {[%clk 0:02:18]} Ra2 {[%clk 0:08:11]} 40. Kd3
{[%clk 0:01:28]} b5 {[%clk 0:08:32]} 41. Rc5 {[%clk 0:01:21]} Rb2
{[%clk 0:08:43]} 42. Rxb5 {[%clk 0:01:25]} Rxb3+ {[%clk 0:09:07]} 43. Kc2
{[%clk 0:49:17]} Re3 {[%clk 0:58:51]} 44. Kd2 {[%clk 0:49:42]} Rb3
{[%clk 0:59:17]} 45. Rb7+ {[%clk 0:50:00]} Ke8 {[%clk 0:59:07]} 46. Rb5
{[%clk 0:40:38]} Kd7 {[%clk 0:57:18]} 47. f5 {[%clk 0:40:52]} Kc6
{[%clk 0:51:38]} 48. Rc5+ {[%clk 0:41:12]} Kd6 {[%clk 0:51:54]} 49. fxe6
{[%clk 0:41:08]} fxe6 {[%clk 0:52:16]} 50. Rg5 {[%clk 0:39:14]} g6
{[%clk 0:52:05]} 51. h4 {[%clk 0:38:31]} Rb2+ {[%clk 0:51:35]} 52. Kd3
{[%clk 0:37:49]} Rb3+ 53. Kd2 {[%clk 0:33:33]} Rb2+ {[%clk 0:51:41]} 54. Ke3
{[%clk 0:31:57]} Rb3+ {[%clk 0:51:17]} 55. Kf4 {[%clk 0:29:06]} Rc3
{[%clk 0:50:06]} 56. Rb5 {[%clk 0:24:32]} Rc4 {[%clk 0:47:37]} 57. Ke4
{[%clk 0:23:46]} Kc6 {[%clk 0:44:56]} 58. Rb8 {[%clk 0:23:38]} Kc7
{[%clk 0:45:20]} 59. Rb5 {[%clk 0:19:34]} Kc6 {[%clk 0:45:37]} 1/2-1/2

[Event "Hastings Masters"]
[Site "Horntye, Hastings"]
[Date "2017.12.29"]
[Round "2.7"]
[White "Boino, Claudio"]
[Black "Wegerle, Joerg"]
[Result "1/2-1/2"]
[BlackElo "2421"]
[WhiteElo "2123"]
[LiveChessVersion "1.4.8"]

1. d4 {[%clk 1:40:58]} d5 {[%clk 1:40:36]} 2. Nf3 {[%clk 1:41:21]} Nf6
{[%clk 1:40:48]} 3. c4 {[%clk 1:41:45]} e6 {[%clk 1:41:14]} 4. Nc3
{[%clk 1:42:08]} Bb4 {[%clk 1:41:09]} 5. cxd5 {[%clk 1:42:28]} exd5
{[%clk 1:41:12]} 6. Bg5 {[%clk 1:42:50]} h6 {[%clk 1:40:51]} 7. Bxf6
{[%clk 1:40:37]} Qxf6 {[%clk 1:39:47]} 8. Qa4+ {[%clk 1:38:07]} Nc6
{[%clk 1:39:09]} 9. e3 {[%clk 1:37:49]} O-O {[%clk 1:33:43]} 10. Be2
{[%clk 1:34:25]} Be6 {[%clk 1:21:23]} 11. O-O {[%clk 1:34:07]} a6 12. Qb3 Bd6
{[%clk 1:04:53]} 13. Rac1 {[%clk 0:56:09]} Ne7 {[%clk 0:59:37]} 14. Na4
{[%clk 0:52:36]} b6 {[%clk 0:56:31]} 15. Qc3 {[%clk 0:48:07]} Bd7
{[%clk 0:45:27]} 16. Qb3 {[%clk 0:43:12]} Rfb8 {[%clk 0:41:57]} 17. Nc3
{[%clk 0:37:17]} Be6 {[%clk 0:40:16]} 18. Rfd1 {[%clk 0:34:19]} c5
{[%clk 0:28:59]} 19. Qc2 {[%clk 0:32:23]} c4 {[%clk 0:27:33]} 20. e4
{[%clk 0:26:47]} Bf4 {[%clk 0:25:28]} 21. e5 {[%clk 0:24:01]} Qf5
{[%clk 0:18:54]} 22. Qxf5 {[%clk 0:23:17]} Nxf5 {[%clk 0:15:46]} 23. Ra1
{[%clk 0:23:30]} h5 {[%clk 0:14:37]} 24. g3 {[%clk 0:22:58]} Bh6 {[%clk 0:15:00]}
25. Ne1 {[%clk 0:23:11]} g6 {[%clk 0:14:33]} 26. Bf3 {[%clk 0:22:22]} Rd8
{[%clk 0:13:10]} 27. Nc2 {[%clk 0:22:34]} Bf8 {[%clk 0:11:18]} 28. Ne3
{[%clk 0:21:23]} Nxe3 {[%clk 0:05:59]} 29. fxe3 {[%clk 0:21:45]} Rac8
{[%clk 0:05:02]} 30. Kf2 {[%clk 0:20:53]} b5 {[%clk 0:04:17]} 31. a3
{[%clk 0:20:58]} Be7 {[%clk 0:03:31]} 32. e4 {[%clk 0:20:37]} dxe4
{[%clk 0:03:58]} 33. Bxe4 {[%clk 0:20:52]} Rb8 {[%clk 0:01:42]} 34. d5
{[%clk 0:20:43]} Bc5+ {[%clk 0:01:40]} 35. Kg2 {[%clk 0:20:58]} Bg4
{[%clk 0:01:40]} 36. Bf3 {[%clk 0:21:12]} Bf5 {[%clk 0:01:40]} 37. d6
{[%clk 0:20:43]} Bd3 {[%clk 0:00:54]} 38. Nd5 {[%clk 0:12:44]} Bd4
{[%clk 0:00:55]} 39. Ne7+ {[%clk 0:12:43]} Kf8 {[%clk 0:00:41]} 40. Nc6
{[%clk 0:12:00]} Bxb2 {[%clk 0:01:08]} 41. Nxb8 {[%clk 0:10:25]} Rxb8
{[%clk 0:46:36]} 42. Rxd3 {[%clk 0:44:35]} cxd3 {[%clk 0:28:18]} 43. Rd1
{[%clk 0:44:58]} Bxe5 {[%clk 0:27:22]} 44. Rxd3 {[%clk 0:45:21]} Ke8
{[%clk 0:08:06]} 45. g4 {[%clk 0:32:33]} hxg4 {[%clk 0:07:00]} 46. Bxg4
{[%clk 0:32:50]} Rb6 {[%clk 0:05:56]} 47. d7+ {[%clk 0:29:13]} Kd8
{[%clk 0:06:25]} 48. h4 {[%clk 0:15:27]} f5 {[%clk 0:04:26]} 49. Bf3
{[%clk 0:15:00]} a5 {[%clk 0:02:05]} 50. h5 {[%clk 0:14:30]} gxh5
{[%clk 0:00:51]} 51. Bxh5 {[%clk 0:14:37]} Bd6 {[%clk 0:00:40]} 52. Bg6
{[%clk 0:13:09]} Kxd7 {[%clk 0:00:59]} 53. Bxf5+ {[%clk 0:13:32]} Kc6
{[%clk 0:01:12]} 54. Kf3 {[%clk 0:13:38]} Rb8 {[%clk 0:01:11]} 55. Be4+
{[%clk 0:13:50]} Kc7 {[%clk 0:01:20]} 56. Rc3+ {[%clk 0:14:05]} Kd7
{[%clk 0:01:36]} 57. Bc6+ {[%clk 0:14:19]} Ke6 {[%clk 0:01:50]} 58. Ke4
{[%clk 0:12:44]} b4 {[%clk 0:00:40]} 59. Bd5+ {[%clk 0:12:54]} Kd7
{[%clk 0:00:53]} 60. axb4 {[%clk 0:13:10]} axb4 {[%clk 0:01:06]} 61. Rh3
{[%clk 0:13:25]} Rf8 {[%clk 0:01:02]} 62. Rf3 {[%clk 0:12:38]} Rh8
{[%clk 0:00:54]} 63. Rf7+ {[%clk 0:12:15]} Be7 {[%clk 0:01:11]} 64. Ke5
{[%clk 0:12:04]} Rh5+ {[%clk 0:01:21]} 65. Rf5 {[%clk 0:12:30]} Bd6+
{[%clk 0:01:42]} 66. Kf6 {[%clk 0:12:19]} Rh2 {[%clk 0:01:32]} 67. Rf3
{[%clk 0:12:17]} Rd2 {[%clk 0:00:57]} 68. Bc4 {[%clk 0:12:05]} Kc6
{[%clk 0:00:51]} 69. Rd3 {[%clk 0:11:45]} Rf2+ {[%clk 0:01:05]} 70. Ke6
{[%clk 0:12:04]} Re2+ {[%clk 0:00:53]} 71. Kf5 {[%clk 0:12:13]} Re5+
{[%clk 0:00:51]} 72. Kf6 {[%clk 0:12:38]} Re1 {[%clk 0:01:01]} 73. Bb3
{[%clk 0:12:57]} Be5+ {[%clk 0:01:01]} 74. Kf5 {[%clk 0:13:07]} Bc3
{[%clk 0:00:59]} 75. Rd1 {[%clk 0:11:03]} Re2 {[%clk 0:01:05]} 76. Rb1
{[%clk 0:11:17]} Kc5 {[%clk 0:01:07]} 77. Kf4 {[%clk 0:11:31]} Kd4
{[%clk 0:00:49]} 78. Kf3 {[%clk 0:11:16]} Re3+ {[%clk 0:00:56]} 79. Kf4
{[%clk 0:11:43]} Bd2 {[%clk 0:01:06]} 80. Kf5 {[%clk 0:11:44]} Kc3
{[%clk 0:00:41]} 81. Kg4 {[%clk 0:11:58]} Kd3 {[%clk 0:00:41]} 82. Kf5
{[%clk 0:12:09]} Re2 {[%clk 0:00:53]} 83. Kg4 {[%clk 0:11:53]} Bc3
{[%clk 0:00:44]} 84. Kf3 {[%clk 0:12:06]} Re3+ {[%clk 0:00:56]} 85. Kf4
{[%clk 0:12:12]} Re8 {[%clk 0:00:48]} 86. Kf5 {[%clk 0:12:20]} Bd2
{[%clk 0:00:58]} 87. Kf6 {[%clk 0:12:31]} Ra8 {[%clk 0:00:58]} 88. Kf5
{[%clk 0:12:11]} Ra5+ {[%clk 0:00:39]} 89. Ke6 {[%clk 0:12:25]} Kd4
{[%clk 0:00:43]} 90. Rd1 {[%clk 0:11:50]} Ra6+ {[%clk 0:00:37]} 91. Kf5
{[%clk 0:12:06]} Ra5+ {[%clk 0:00:40]} 92. Ke6 {[%clk 0:12:25]} Ra3
{[%clk 0:00:42]} 93. Rb1 {[%clk 0:12:27]} Kc3 {[%clk 0:00:51]} 94. Bd5
{[%clk 0:12:44]} Ra6+ {[%clk 0:00:58]} 95. Kd7 {[%clk 0:12:30]} Kc2
{[%clk 0:00:47]} 96. Be4+ {[%clk 0:12:58]} Kc3 {[%clk 0:01:11]} 97. Bd5
{[%clk 0:13:19]} Ra3 {[%clk 0:01:35]} 98. Ke6 {[%clk 0:13:24]} b3
{[%clk 0:01:42]} 99. Rxb3+ {[%clk 0:13:43]} Rxb3 {[%clk 0:02:12]} 100. Bxb3 Kxb3
1/2-1/2